000 01310cam a2200349 a 4500
001 4016381
003 OSt
005 20250826155149.0
008 970527s1997 dcua b 001 0 eng
010 _a 97021580
020 _a0871879220
020 _a9780871879226
035 _a4016381
040 _aMMSU
_cULS
050 0 0 _aHQ 1236.5 U6 C65 1997
100 1 _aConway, M. Margaret
_q(Mary Margaret),
_d1935-
245 1 0 _aWomen and political participation :
_bcultural change in the political arena /
_cM. Margaret Conway, Gertrude A. Steuernagel, David W. Ahern.
246 1 4 _aWomen & political participation
260 _aWashington, D.C. :
_bCQ Press,
_cc1997.
300 _axiii, 162 pages. :
_billustration ;
_c23 cm.
336 _atext
_btxt
_2rdacontent
337 _aunmediated
_bn
_2rdamedia
338 _avolume
_bnc
_2rdacarrier
504 _aIncludes bibliographical references and index.
650 0 _aWomen
_xPolitical activity
_zUnited States.
700 1 _aSteuernagel, Gertrude A.
700 1 _aAhern, David W.
906 _a7
_bcbc
_corignew
_d1
_eocip
_f19
_gy-gencatlg
942 _2lcc
_cBK
999 _c26919
_d26919